000 00300nam a22001337a 4500
008 170220b xxu||||| |||| 00| 0 eng d
020 _a9780323045889
041 _aeng
080 _28TH
_a615
100 _a5
101 _aSHF
245 _aCALCULATION OF DRUG DISEASE
_cOGDEN, SH.J
942 _2udc
_cBK
999 _c5763
_d5763